000 00562cam a2200169Ka 4500
082 _a327.42
_bWIL
100 1 _aWilkinson, Spenser,
_949325
245 1 4 _aThe great alternative
_ba plea for a national policy /
_cby Spenser Wilkinson.
250 _aNew ed.
260 _aWestminster [England] :
_bArchibald Constable,
_c1902.
300 _axii, 332 p. ;
_c20 cm.
526 _a0
_b0
_c0
_d327_420000000000000_WIL
650 0 _aImperialism.
_949704
650 0 _aMCE
_9379
856 4 0 _uhttp://catalog.hathitrust.org/api/volumes/oclc/9212731.html
942 _2ddc
_cBK
999 _c552480
_d552480